| 000 | 00507nam a22001457a 4500 | ||
|---|---|---|---|
| 008 | 160810b xxu||||| |||| 00| 0 eng d | ||
| 050 | _aBX1912.5.N337 | ||
| 100 |
_aNcube, Raphael Mabuza _924700 |
||
| 245 |
_aFeed my sheep _bSt. Augustine's major seminary Bulawayo 2012 _cRaphael Mabuza Ncube |
||
| 260 |
_aPlumtree _bIlizwi Publications _c2012 |
||
| 300 |
_aiv, 185p. ; _c22cm. |
||
| 440 |
_aPastoral studies _v2 _924701 |
||
| 650 |
_aCatholic Church _xClergy _xSpiritual life _924702 |
||
| 942 |
_2lcc _cMONOGRAPH |
||
| 999 |
_c124883 _d124883 |
||